000 00975nas a2200325 4500
001 BR8003164
003 BR-BrBNA
005 20231205084324.0
007 ta
008 230509b bl.|||p| |||| 00| 00por d
040 _aBR-BrBNA
_bpor
_cBiblioteca Nacional de Agricultura
041 _a(Pt)
072 _aF30
100 1 _aCabral, J.T.
100 1 _aSouza, P.R. de
100 1 _aCarmona. P.S.
100 1 _aTerres, A.L.
100 1 _aRibeiro, A.S.
100 1 _aGoncalo, J.F.P.
100 1 _aGalli, J.
245 1 _aRio Grande do Sul; regionalizacao de cultivares e linhagens de arroz irrigado [Oryza sativa L.; Brasil]
650 _aMelhoramento genetico vegetal
650 _aArroz
650 _aVariedade
650 _aLinhagem
650 _aRio Grande do Sul
773 0 _tLavoura Arrozeira (Brazil)
_xISSN 0023-9143
_g(Apr 1980), v. 33(319) p. 50-52,54,56,58,60,62
_wBR8003164
909 _a202311
_bLúcia
_c55
_dLúcia Elande
942 _2AGRIS
_n0
_cANA
999 _c104488
_d104488